Science Quiz

Random Science or Astronomy Quiz
Score 0/10 Timer 05:00
0 Plays Today
Hint Answer % Correct
Number from the Sun
A) 7th B) 5th C) 8th D) 9th
???
91.6%
Type of planet
A) Asteroid B) Gaseous C) Terrestrial D) Lunar
???
89%
Demonym
A) Uranan B) Urian C) Uranian D) Uranusian
???
86.2%
Roman Name
A) Caelus B) Juno C) Neptune D) Mars
???
84%
Most abundant gas in the atmosphere
A) Helium B) Hydrogen C) Oxygen D) Nitrogen
???
68.9%
Last probe to observe Uranus
A) Galileo B) Voyager 2 C) Ulysses D) New Horizons
???
65.8%
Year of first flyby by a probe
A) 1974 B) 1975 C) 1986 D) 1984
???
63.6%
Number of known naturally orbiting satellites
A) 27 B) 29 C) 31 D) 57
???
62.8%
Largest Satellite
A) Puck B) Oberon C) Ariel D) Titania
???
61.2%
Approximate mass ratio compared to Earth
A) 103 B) 16.7 C) 21 D) 14.5
???
51.9%
Remove Ads.
Support Sporcle.
Get the best of Sporcle when you Go Orange. This ad-free experience offers more features, more stats, and more fun while also helping to support Sporcle. Thank you for becoming a member.

You're not logged in!

Compare scores with friends on all Sporcle quizzes.
OR
Log In

Sporcle TV

Today on Sporcle TV


Watch our educational content, quiz creation guides, and fun videos on Sporcle TV.

Show Comments

Extras

Top Quizzes Today


Score Distribution

Paid Content

Your Account Isn't Verified!

In order to create a playlist on Sporcle, you need to verify the email address you used during registration. Go to your Sporcle Settings to finish the process.

Report this User

Report this user for behavior that violates our Community Guidelines.

Details: